LEADER 01618nam a2200313 i 4500 001 000000352635 003 CaOOAMICUS 005 20230310122618.0 008 230111s2022 gw u100 u ger u 020 $a978-3-451-02325-5 040 $aSeMil$bita 041 $ager 111 2 $aChristologie im Horizont pneumatologischer Neuaufbrüche$c.$0(OLS)http://semarc/name/116969 245 10$aChristologie im Horizont pneumatologischer Neuaufbrüche :$bBestandsaufnahmen und Perspektiven /$cherausgegeben von Benjamin Dahlke, Cornelia Dockter und Aaron Langenfeld. 264 1$aFreiburg ; Basel ; Wien :$bHerder,$c2022. 300 $a342 p. ;$c22 cm 490 1 $aQuaestiones disputatae ;$v325 650 4$aCristologia - Atti di congressi.$0(OLS)http://semarc/subject/3731 650 4$aPneumatologia.$0(OLS)http://semarc/subject/1581 700 1 $aDockter, Cornelia.$0(OLS)http://semarc/name/106957 700 1 $aDahlke, Benjamin,$d<1982- >.$0(OLS)http://semarc/name/116967 700 1 $aLangenfeld, Aaron,$d<1985- >.$0(OLS)http://semarc/name/116968 830 0$aQuaestiones disputatae ;$v325.$0(OLS)http://semarc/title/436628 850 $aSeMil 852 $aSeMil$W1$xVenegono$y1$m2TA J 325$j236279$B243859$CSeMilBibl$Z2$F243859 $81 996 $6020$a978-3-451-02325-5$9(OLS)http://semarc/number/297413 996 $6245$aChristologie im Horizont pneumatologischer Neuaufbrüche :$bBestandsaufnahmen und Perspektiven$9(OLS)http://semarc/title/442522 996 $6264$aFreiburg ; Basel ; Wien :$bHerder$9(OLS)http://semarc/publisher/29643 LEADER 01003nam a2200217 i 4500 001 000000195591 003 CaOOAMICUS 005 20101231000000.0 008 101231s1993 it u000 u ita u 013 $a174268 040 $aSeMil$bita 100 1 $aBeccaria, Cesare,$d<1738-1794>.$0(OLS)http://semarc/name/10695 245 10$aAtti di governo. Serie 3., 1784-1786 /$cCesare Beccaria ; a cura di Rosalba Canetta. 300 $a1012 p., [8] c. di tav. :$b1 ritr. ;$c26 cm. 500 $aIn allegato : Glossario, di R. Canetta. - In custodia. 700 1 $aCanetta, Rosalba.$0(OLS)http://semarc/name/52758 773 0 $aBeccaria, Cesare <1738-1794>$tEdizione nazionale delle opere di Cesare Beccaria.$dMilano : Mediobanca, 1984.$g8$w()24111 850 $aSeMil 852 $aSeMil$W1$xVenegono$y1$m1A VI 24/8$j146160$B146160$CSeMilBibl$Z2$F158335 $81 961 $aOmaggio: Grampa dott. Cesare 996 $6245$aAtti di governo. Serie 3., 1784-1786$9(OLS)http://semarc/title/282245